ដី និង ព្រៃកម្ពុជា (Record no. 9159)

000 -LEADER
fixed length control field 00278nam a22001217a 4500
040 ## - CATALOGING SOURCE
Transcribing agency SY
082 ## - DEWEY DECIMAL CLASSIFICATION NUMBER
Classification number 839
100 ## - MAIN ENTRY--AUTHOR NAME
Personal name KOL TOUCH; គល់ ទូច
245 ## - TITLE STATEMENT
Title ដី និង ព្រៃកម្ពុជា
260 ## - PUBLICATION, DISTRIBUTION, ETC. (IMPRINT)
Place of publication RUA
Name of publisher KOL
Year of publication 1995
300 ## - PHYSICAL DESCRIPTION
Number of Pages 152p.
942 ## - ADDED ENTRY ELEMENTS (KOHA)
Koha item type សៀវភៅភាសាខ្មែរ

No items available.

មជ្ឈមណ្ឌលឯការនៃសាកលវិទ្យាល័យភូមិន្ទកសិកម្មចំការដូង

Powered by Koha